000 01340cab a22002175a 4500
001 L153829
008 110912s2011 xxka f 000 0 eng d
035 _a(Sirsi) u153829
041 0 _aeng
110 _aChartered Institution of Civil Engineering Surveyors
_95939
245 0 0 _aWorth the wait?
_bThe Local Democracy, Economic Development and Construction Act 2009, part 1
260 _c2011
490 _aCivil Engineering Surveyor
_vSeptember 2011, 36-38(3)
520 _aPart of a series of articles looking at adjudication and payment, how they have been considered and adopted in the Local Democracy, Economic Development and Construction Act 2009 and what they mean to the construction industry in practice. This article looks at what changes, if any, the LDEDCA has made to the Housing Grants, Construction and Regeneration Act 1996 that are likely to affect its application in the construction industry and contracts between parties to construction operations under the act.
650 2 4 _aLOCAL DEMOCRACY, ECONOMIC DEVELOPMENT AND CONSTRUCTION ACT 2009
650 2 4 _aHOUSING GRANTS, CONSTRUCTION AND REGENERATION ACT 1996
651 4 _aEngland and Wales
_y1543-
690 _aBUILT ENVIRONMENT-CONSTRUCTION MANAGEMENT-BUILDING CONTRACT ADMINISTRATION
690 _aBUILT ENVIRONMENT-CONSTRUCTION MANAGEMENT
942 _n0
999 _c83393
_d83393